School managers (Record no. 271794)

MARC details
000 -LEADER
fixed length control field 00776nam a2200265Ia 4500
003 - CONTROL NUMBER IDENTIFIER
control field OSt
005 - DATE AND TIME OF LATEST TRANSACTION
control field 20220918221258.0
008 - FIXED-LENGTH DATA ELEMENTS--GENERAL INFORMATION
fixed length control field 220917b |||||||| |||| 00| 0 eng d
037 ## - SOURCE OF ACQUISITION
Terms of availability Textual
040 ## - CATALOGING SOURCE
Original cataloging agency ARTS
Transcribing agency ARTS
Language of cataloging eng
041 ## - LANGUAGE CODE
Source of code eng
Language code of text/sound track or separate title eng
100 ## - MAIN ENTRY--PERSONAL NAME
Personal name McCarty Donald J
9 (RLIN) 139867
245 #0 - TITLE STATEMENT
Title School managers
Remainder of title power and conflict in American Public education
260 ## - PUBLICATION, DISTRIBUTION, ETC.
Place of publication, distribution, etc. Westport
Name of publisher, distributor, etc. Green Wood
Date of publication, distribution, etc. 1971
300 ## - PHYSICAL DESCRIPTION
Extent xxii,281p.
Dimensions cm.
490 ## - SERIES STATEMENT
Series statement Contributions in sociology; 8
650 ## - SUBJECT ADDED ENTRY--TOPICAL TERM
Topical term or geographic name entry element EDUCATION
700 ## - ADDED ENTRY--PERSONAL NAME
Personal name Ramsey Charles E
9 (RLIN) 139868
942 ## - ADDED ENTRY ELEMENTS (KOHA)
Classification part T:8.73.N7, L1
Koha item type Textual
Source of classification or shelving scheme Colon Classification (CC)
Holdings
Withdrawn status Lost status Damaged status Not for loan Home library Current library Date acquired Total Checkouts Full call number Barcode Date last seen Price effective from Koha item type
        Arts Library Arts Library 2022-09-18   T:8.73.N7 L1 AL0697582 2022-09-18 2022-09-18 Textual
Copyright @ Delhi University Library System